000 00278pam a2200121a 44500
008 230405s1900 xxu||||| |||| 00| 0 eng d
041 _aENG
100 _aKumudini Dandekar
245 _aThe Elderly in India
260 _a
_bzerox copy
_c1900
300 _a149
906 _a10053
999 _c300552
_d300552